| 000 | 00818cam a22002534a 4500 | ||
|---|---|---|---|
| 001 | 13012364 | ||
| 005 | 20180308091412.0 | ||
| 008 | 021125s2003 maua b 001 0 eng | ||
| 010 | _a 2002044443 | ||
| 020 | _a0763701548 | ||
| 020 | _a0763721409 (pbk.) | ||
| 040 |
_aDLC _cDLC _dDLC |
||
| 041 | _aeng | ||
| 042 | _apcc | ||
| 080 | _a615.854077 STA | ||
| 082 | 0 | 0 |
_a615.854077 STA _221 |
| 100 | 1 | _a10 | |
| 101 | _aNUT | ||
| 245 | 1 | 0 |
_aNutrition and diet therapy : _cPeggy S. Stanfield ; with the special assistance of Y.H. Hui. |
| 504 | _aIncludes bibliographical references and index. | ||
| 906 |
_a7 _bcbc _corignew _d1 _eocip _f20 _gy-gencatlg |
||
| 942 |
_2ddc _cBK |
||
| 999 |
_c44513 _d44513 |
||